Konvergenzbetrachtungen für Mehrgitter verfahren zur Lösung der Poission - Gleichung auf dreidimensionalen Gebeiten Dissertation
Enregistré dans:
| Auteur principal: | |
|---|---|
| Format: | Livre |
| Langue: | allemand |
| Publié: |
Bochum
Ruhr-Universität
1985
|
| Édition: | 1. Aufl. |
| Tags: |
Pas de tags, Soyez le premier à ajouter un tag!
|
MARC
| LEADER | 00000nam a2200000 4500 | ||
|---|---|---|---|
| 001 | c040503 | ||
| 005 | 20221220081911.5 | ||
| 041 | 0 | |a ger | |
| 044 | |a DE | ||
| 245 | 1 | 0 | |a Konvergenzbetrachtungen für Mehrgitter verfahren zur Lösung der Poission - Gleichung auf dreidimensionalen Gebeiten |b Dissertation |c Johannes Karlisch |
| 250 | |a 1. Aufl. | ||
| 264 | 1 | |a Bochum |b Ruhr-Universität |c 1985 | |
| 300 | |a 70 s. | ||
| 100 | 1 | |a Karlisch, Johannes | |